=LDR 00000nam 2200000 4500 =001 INLIS000000000005343 =005 20130612093605 =008 ***********************************Ind** =035 ##$$0010-061300000005343 =041 ##$$a Ind =082 ##$$a 420.76 =090 ##$$a 420.76, Lem l =250 ##$$a LKS Gita SMU Bahasa Inggris 2. -- =710 ##$$a 1999 $b Surakarta =850 ##$$a 48 hlm, 7 cm